000
00301nam a22001337a 4500
008
170612b xxu||||| |||| 00| 0 eng d
020
_a
1555870406
041
_a
eng
080
_a
94(6)
100
_a
17
101
_a
SHH
245
_a
DEMOCRACY IN DEVELOPING COUNTRIES
_c
DIAMOND,L
942
_2
udc
_c
BK
999
_c
16874
_d
16874